Il cardinale Giovan Battista de Luca: diritto e riforme nello stato della chiesa: 1676-1683
Gespeichert in:
| 1. Verfasser: | |
|---|---|
| Format: | Buch |
| Sprache: | Italienisch |
| Veröffentlicht: |
Nápoles
Jovene
1991
|
| Schriftenreihe: | Storia e Diritto, 29
|
| Schlagworte: | |
| Tags: |
Tag hinzufügen
Keine Tags, Fügen Sie den ersten Tag hinzu!
|
MARC
| LEADER | 00000nam a2200000 a 4500 | ||
|---|---|---|---|
| 001 | UCM8261 | ||
| 003 | CL-VaPUC | ||
| 008 | 030228e19910000IT |||||||||||||||||ita|d | ||
| 082 | 0 | 4 | |a 340.57 |b LAU |2 21 |
| 100 | 0 | |a Lauro, Agostino |e author |9 474263 | |
| 245 | 1 | 3 | |a Il cardinale Giovan Battista de Luca: diritto e riforme nello stato della chiesa: 1676-1683 |
| 300 | |a 731 p | ||
| 942 | |c BK | ||
| 945 | |d 20030228 00:00:00 |a cmena | ||
| 260 | |a Nápoles |b Jovene |c 1991 | ||
| 650 | 0 | |a Derecho común |9 376758 | |
| 650 | 0 | |a Historia del derecho |9 255109 | |
| 650 | 0 | |a Iglesia y derecho |9 398263 | |
| 650 | 0 | |a Derecho eclesiástico |9 255055 | |
| 583 | |a last modification |c 20161026 04:59:05 |k Rodrigo Vera | ||
| 490 | 0 | |a Storia e Diritto, 29 | |
| 999 | |c 302835 |d 302833 | ||
| 952 | |0 0 |1 0 |4 0 |6 340_570000000000000_LAU_1991 |7 0 |8 DER_HIS |9 363618 |a BIBDER |b BIBDER |d 2019-11-21 |i 3877655 |o 340.57 LAU 1991 |p 3877655 |r 2023-01-25 |w 2019-11-21 |x Ubicación 4to Piso |y BK |z Estos recursos deben solicitarse con anticipación |k DER | ||